| 000 | 00489nam a22001817a 4500 | ||
|---|---|---|---|
| 005 | 20210921102204.0 | ||
| 008 | 180416b ||||| |||| 00| 0 eng d | ||
| 020 | _a9788126542635 | ||
| 040 | _cc | ||
| 082 | _a519.5024 MON | ||
| 100 |
_aMontegomery, Douglas C. _910225 |
||
| 245 |
_aEngineering Statistics / _cDouglas C. Montgomery and et all |
||
| 250 | _a5th ed. | ||
| 260 |
_aNew Delhi : _bWiley, _c2014. |
||
| 300 |
_a515 p. ; _c26 cm. |
||
| 500 | _aPaperback. | ||
| 942 |
_2ddc _cBK |
||
| 999 |
_c478216 _d478216 |
||